书目信息 |
| 题名: |
中国思想通史
|
|
| 作者: | 侯外庐 , 赵纪彬 , 杜国庠 著 | |
| 分册: | 第一卷 | |
| 出版信息: | 北京 人民出版社 1957.03 |
|
| 页数: | 663页 | |
| 开本: | 20cm | |
| 丛书名: | ||
| 单 册: | ||
| 中图分类: | B20 | |
| 科图分类: | ||
| 主题词: | 唯物主义--哲学--中国 , 唯心主义--哲学--中国 | |
| 电子资源: | ||
| ISBN: | ||
| 000 | 00762nam0 2200253 45 | |
| 001 | 0309271627 | |
| 005 | 20060812164115.76 | |
| 010 | @dCNY2.65 | |
| 091 | @a2001.77 | |
| 100 | @a20030927d1957 km y0chiy0120 ea | |
| 101 | 0 | @achi |
| 105 | @a z 000yy | |
| 200 | 1 | @a中国思想通史@AZhong Guo Si Xiang Tong Shi@e古代思想@h第一卷@EGu Dai SiXiang@f侯外庐,赵纪彬,杜国庠著@FHou Wai Lu,Zhao Ji Bin,Du Guo Xiang Zhu |
| 210 | @a北京@c人民出版社@d1957.03 | |
| 215 | @a663页@d20cm | |
| 517 | @a古代思想@AGu Dai Si Xiang | |
| 606 | 0 | @a唯物主义@x哲学@x中国 |
| 606 | 0 | @a唯心主义@x哲学@x中国 |
| 690 | @aB20@v3 | |
| 701 | 0 | @a侯外庐@4著 |
| 701 | 0 | @a赵纪彬@4著 |
| 701 | 0 | @a杜国庠@4著 |
| 801 | @aCN@bTSTC@c20060812 | |
| 905 | @f1@b32631@dB20@e44:1@f1@b41100 | |
| 中国思想通史:古代思想.第一卷/侯外庐,赵纪彬,杜国庠著.-北京:人民出版社,1957.03 |
| 663页;20cm |
| ISBN :CNY2.65 |
| ● |
| 相关链接 |
|
|
|
|
正题名:中国思想通史
索取号:B20/44:1
 
预约/预借
| 序号 | 登录号 | 条形码 | 馆藏地/架位号 | 状态 | 备注 |
| 1 | 0032631 | 001668038 | 密集书库/ [索取号:B20/44:1] | 在馆 |